Statistics for Decades by Countries

Click here to take the quiz!

General Stats

  • This quiz has been taken 9 times
  • The average score is 9 of 11

Answer Stats

Answer% Correct
Albania
100%
Egypt
100%
Serbia
100%
Lebanon
88%
Angola
75%
Iraq
75%
Malta
75%
Belize
63%
Ghana
63%
Palau
63%
South Sudan
50%

Score Distribution

Percentile by Number Answered

Percent of People with Each Score

Your Score History

You have not taken this quiz